00349 a2200109 4500001000900000005001700009008004100026245006500067100002200132773007000154999001500224ART_917920260410161558.0260409a 10aLa investigación en contabilidad. Una reflexión personal1 aTua Pereda, Jorge0 tProfesional & Empresariag- Año XII, Nº 146 (nov. 2011)wREV70 c9443d9443